[Event "Syre Memorial op 31st"]
[Site "Issy les Moulineaux"]
[Date "2008.05.03"]
[Round "5"]
[White "Rousset, Nicolas"]
[Black "Fraysse, Sebastien"]
[Result "1-0"]
[WhiteElo "2106"]
[BlackElo "1690"]
[PlyCount "55"]
[EventDate "2008.05.01"]
[EventType "swiss"]
[EventRounds "6"]
[EventCountry "FRA"]
[SourceTitle "EXT 2010"]
[Source "ChessBase"]
[SourceDate "2010.11.25"]
[SourceVersion "1"]
[SourceVersionDate "2010.11.25"]
[SourceQuality "1"]

1. e4 c5 2. Nf3 Nc6 3. Nc3 Nf6 4. Bb5 d6 5. d4 cxd4 6. Qxd4 Bd7 7. Bxc6 bxc6 8. 0-0 g6 9. e5 dxe5 10. Qxe5 Bg7 11. Re1 Be6 12. Qc5 Qc8 13. Nd4 0-0 14. Nxe6 fxe6 15. h3 Qd7 16. Bg5 Rf7 17. Rad1 Nd5 18. Ne4 Qc7 19. c4 Nf6 20. b3 Nxe4 21. Rxe4 e5 22. Bh4 Raf8 23. Bg3 Rf5 24. b4 a6 25. a4 Rc8 26. Red4 Qb7 27. Rd7 Rc7 28. Qxe7 1-0